=LDR 00000nam 2200000 4500 =001 INLIS000000000016228 =005 20240216031443 =035 ##$$a 0010-061300000016228 =008 240216###########################0###### =041 ##$$a Ind =082 ##$$a 363.73 =090 ##$$a 363.73, Sit p =100 ##$$a Sitanggang, Tua =245 1#$$a Pencemaran lingkungan hidup kota Jakarta /$c Tua Sitanggang =250 ##$$a Seri lingkungan hidup =260 ##$$a Jakarta :$b Mitra Gama Widya,$c 1993 =300 ##$$a VII, 171 hlm., : $b ilus, ; $c 21 cm =650 #4$$a Pencemaran-Aspek lingkungan =850 ##$$a NBPNMAT =020 ##$$a 979-507-187-4 =084 ##$$a 363.73 SIT p =990 ##$$a 114.762/pro97 =990 ##$$a AN00006295